[Event "POL-chT blind"]
[Site "Wagrowiec"]
[Date "2017.10.15"]
[Round "2.10"]
[White "Wyrzykowski, Jozef"]
[Black "Gryglewicz, Tadeusz"]
[Result "1-0"]
[WhiteElo "1652"]
[BlackElo "1647"]
[PlyCount "113"]
[EventDate "2017.10.14"]
[EventType "team-tourn"]
[EventRounds "9"]
[EventCountry "POL"]
[SourceTitle "EXT 2019"]
[Source "ChessBase"]
[SourceDate "2018.10.10"]
[SourceVersion "1"]
[SourceVersionDate "2018.10.10"]
[SourceQuality "1"]

1. c4 g6 2. Nc3 Bg7 3. d4 e6 4. Nf3 d6 5. e4 Bd7 6. Be2 Nc6 7. a3 a6 8. b4 Na7 9. Bb2 Ne7 10. Qc2 0-0 11. 0-0 f5 12. e5 Rc8 13. Rad1 d5 14. cxd5 exd5 15. Na4 Qe8 16. Nc5 Bc6 17. Qd2 h6 18. Bc1 Kh7 19. Ne6 Rh8 20. Bd3 Qf7 21. Nfg5+ hxg5 22. Nxg5+ Kg8 23. Nxf7 Kxf7 24. g4 Ke6 25. Qe2 Bh6 26. gxf5+ Nxf5 27. Qg4 Rcg8 28. Kh1 Bxc1 29. Rxc1 Bb5 30. Bxb5 Nxb5 31. Qg5 Nfxd4 32. a4 Rxh2+ 33. Kxh2 Nf3+ 34. Kg2 Nxg5 35. axb5 Rg7 36. bxa6 bxa6 37. Rc6+ Kxe5 38. f4+ Ke4 39. fxg5 d4 40. Rxa6 Kd3 41. b5 Kc4 42. b6 cxb6 43. Rxb6 Kd3 44. Rd6 Ke3 45. Rd1 Kf4 46. Rd5 Rb7 47. R1xd4+ Ke3 48. Rd2 Rb4 49. R2d3+ Ke4 50. Kg3 Ra4 51. Rd6 Kf5 52. R3d5+ Ke4 53. Kf2 Rb4 54. Ke2 Ra4 55. Kd2 Ra2+ 56. Kc3 Ra3+ 57. Kb4 1-0

[Event "POL-chT4 Kujawsko-Pomorskie 1617"]
[Site "Poland"]
[Date "2017.01.09"]
[Round "5"]
[White "Wyrzykowski, Jozef"]
[Black "Retz, Patryk"]
[Result "0-1"]
[WhiteElo "1604"]
[BlackElo "1270"]
[PlyCount "68"]
[EventDate "2016.11.06"]
[EventType "team-tourn"]
[EventRounds "11"]
[EventCountry "POL"]
[SourceTitle "EXT 2019"]
[Source "ChessBase"]
[SourceDate "2018.10.10"]
[SourceVersion "1"]
[SourceVersionDate "2018.10.10"]
[SourceQuality "1"]

1. c4 Nf6 2. Nc3 g6 3. e4 d6 4. Nf3 Bg7 5. Be2 0-0 6. d4 Nbd7 7. 0-0 e5 8. dxe5 Nxe5 9. Qc2 c6 10. Nxe5 dxe5 11. Rd1 Qc7 12. Bg5 Be6 13. Rd2 Rfd8 14. Rad1 Rd7 15. Na4 b6 16. b3 Rad8 17. h3 Rxd2 18. Rxd2 Rxd2 19. Qxd2 Nxe4 20. Qe3 Nxg5 21. Qxg5 Qd7 22. Qc1 Qd4 23. Qd1 e4 24. Qxd4 Bxd4 25. Kf1 Kf8 26. Ke1 Bd7 27. f3 e3 28. Bd3 b5 29. cxb5 cxb5 30. Bc2 bxa4 31. bxa4 Be6 32. Bb3 Bxb3 33. axb3 a5 34. Ke2 Ke7 0-1

[Event "POL-chT4 Kujawsko-Pomorskie 1617"]
[Site "Poland"]
[Date "2016.11.20"]
[Round "2"]
[White "Dahms, Medard"]
[Black "Wyrzykowski, Jozef"]
[Result "0-1"]
[WhiteElo "1316"]
[BlackElo "1604"]
[PlyCount "117"]
[EventDate "2016.11.06"]
[EventType "team-tourn"]
[EventRounds "11"]
[EventCountry "POL"]
[SourceTitle "EXT 2019"]
[Source "ChessBase"]
[SourceDate "2018.10.10"]
[SourceVersion "1"]
[SourceVersionDate "2018.10.10"]
[SourceQuality "1"]

1. e4 e5 2. Nf3 d6 3. d4 exd4 4. Nxd4 Be7 5. Nc3 Nf6 6. h3 Bd7 7. Bd3 Nc6 8. Be3 a6 9. 0-0 Ne5 10. Be2 Qc8 11. f4 Ng6 12. f5 Ne5 13. Nf3 Nxf3+ 14. Bxf3 Bc6 15. Bf4 0-0 16. g4 h6 17. e5 dxe5 18. Bxe5 Bxf3 19. Qxf3 c6 20. h4 Nd7 21. Bg3 f6 22. Qe4 Bc5+ 23. Kg2 Re8 24. Qc4+ Kf8 25. Ne4 b5 26. Qd3 Be7 27. Nd6 Bxd6 28. Bxd6+ Kg8 29. Rfe1 Ne5 30. Bxe5 Rxe5 31. Rxe5 fxe5 32. Qd6 Qe8 33. Re1 e4 34. Qb4 e3 35. Qb3+ Qf7 36. Qxf7+ Kxf7 37. Rxe3 Rd8 38. Rd3 Rxd3 39. cxd3 Kf6 40. Kf3 Ke5 41. Ke3 c5 42. a3 a5 43. b3 a4 44. bxa4 bxa4 45. Kd2 Kf4 46. Kc3 Kxg4 47. Kc4 Kxf5 48. Kxc5 g5 49. Kd4 Kf4 50. Kc5 g4 51. d4 g3 52. d5 g2 53. Kc6 g1Q 54. d6 Qc1+ 55. Kb7 Qxa3 56. d7 Qd6 57. Kc8 a3 58. d8Q Qxd8+ 59. Kxd8 0-1

[Event "POL-chT blind"]
[Site "Wagrowiec"]
[Date "2016.11.19"]
[Round "9.13"]
[White "Zoltek, Tadeusz"]
[Black "Wyrzykowski, Jozef"]
[Result "1-0"]
[WhiteElo "2149"]
[BlackElo "1655"]
[PlyCount "43"]
[EventDate "2016.11.11"]
[EventType "team-tourn"]
[EventRounds "9"]
[EventCountry "POL"]
[SourceTitle "EXT 2019"]
[Source "ChessBase"]
[SourceDate "2018.10.10"]
[SourceVersion "1"]
[SourceVersionDate "2018.10.10"]
[SourceQuality "1"]

1. Nf3 f5 2. c4 Nc6 3. d4 d5 4. cxd5 Qxd5 5. Nc3 Qa5 6. e3 e6 7. Bc4 a6 8. Bd2 b5 9. Nxb5 Qb6 10. Nc3 Qxb2 11. 0-0 Qb8 12. d5 Na5 13. Rb1 Bb7 14. Qa4+ c6 15. Qxa5 exd5 16. Bd3 g6 17. Qb6 Bd6 18. Qxb7 Qd8 19. Qxc6+ Kf8 20. Nxd5 Nf6 21. Nxf6 Qxf6 22. Qxa8+ 1-0

[Event "POL-chT blind"]
[Site "Wagrowiec"]
[Date "2016.11.17"]
[Round "7.10"]
[White "Mettel, Werner"]
[Black "Wyrzykowski, Jozef"]
[Result "1-0"]
[WhiteElo "1804"]
[BlackElo "1655"]
[PlyCount "117"]
[EventDate "2016.11.11"]
[EventType "team-tourn"]
[EventRounds "9"]
[EventCountry "POL"]
[SourceTitle "EXT 2019"]
[Source "ChessBase"]
[SourceDate "2018.10.10"]
[SourceVersion "1"]
[SourceVersionDate "2018.10.10"]
[SourceQuality "1"]

1. e4 e5 2. Nf3 d6 3. Nc3 Nf6 4. Bc4 Be7 5. d3 0-0 6. 0-0 Nc6 7. h3 h6 8. Bb3 Na5 9. Be3 Nxb3 10. axb3 Be6 11. Ra4 c5 12. Qa1 a6 13. Ne2 Nd7 14. Ng3 f5 15. exf5 Bxf5 16. Nxf5 Rxf5 17. Qd1 Nb6 18. Rg4 h5 19. Rg3 Bh4 20. Nxh4 Qxh4 21. Qd2 Raf8 22. Bg5 Qd4 23. c3 Qd5 24. Qe2 Qf7 25. c4 Kh8 26. h4 Nd7 27. Be3 Nf6 28. Rg5 Ng4 29. Rxf5 Qxf5 30. Bg5 g6 31. Be7 Rf7 32. Bxd6 b6 33. f3 Qf4 34. fxg4 Qd4+ 35. Kh1 Rxf1+ 36. Qxf1 Qxd6 37. gxh5 gxh5 38. Qf5 Qh6 39. Qxe5+ Kh7 40. Qe7+ Kh8 41. Qe2 a5 42. g3 Kg8 43. Kg2 Kh8 44. Qe5+ Kh7 45. Kf3 Qf8+ 46. Qf4 Qa8+ 47. Qe4+ Qxe4+ 48. dxe4 Kg6 49. Kf4 Kf6 50. e5+ Ke6 51. Ke4 Kf7 52. Kf5 Ke7 53. e6 Kf8 54. Kg5 Ke7 55. Kxh5 Kxe6 56. Kg6 Ke5 57. h5 Kd4 58. h6 Kd3 59. h7 1-0

[Event "POL-chT blind"]
[Site "Wagrowiec"]
[Date "2016.11.15"]
[Round "5.7"]
[White "Wolanski, Michal"]
[Black "Wyrzykowski, Jozef"]
[Result "1-0"]
[WhiteElo "1954"]
[BlackElo "1655"]
[PlyCount "121"]
[EventDate "2016.11.11"]
[EventType "team-tourn"]
[EventRounds "9"]
[EventCountry "POL"]
[SourceTitle "EXT 2019"]
[Source "ChessBase"]
[SourceDate "2018.10.10"]
[SourceVersion "1"]
[SourceVersionDate "2018.10.10"]
[SourceQuality "1"]

1. c4 d5 2. cxd5 Qxd5 3. Nc3 Qd8 4. g3 g6 5. Bg2 Bg7 6. Nf3 Nf6 7. 0-0 0-0 8. Rb1 Nc6 9. b4 a6 10. d3 Na7 11. Qc2 c6 12. Bb2 Nb5 13. a4 Nc7 14. Rfc1 Nfd5 15. Nxd5 Qxd5 16. Ne5 Qe6 17. Nc4 Bxb2 18. Rxb2 Qf6 19. Nb6 Rb8 20. Nxc8 Rbxc8 21. Rb3 Rcd8 22. e3 Rd6 23. Qc5 Ne6 24. Qa7 Rd7 25. d4 Ng7 26. Rbc3 Rfd8 27. Bh3 e6 28. Bg2 Ne8 29. Rc5 Nd6 30. R5c2 Qe7 31. Qc5 Nf5 32. Qxe7 Nxe7 33. Rc5 Nd5 34. b5 cxb5 35. axb5 axb5 36. Rxb5 Rb8 37. Rcc5 Kg7 38. Bxd5 Rxd5 39. Rxd5 exd5 40. Rxd5 b5 41. Rc5 b4 42. Rc2 Rb7 43. Kf1 Kf6 44. Ke2 b3 45. Rb2 Ke6 46. Kd3 f5 47. Kc3 Kd5 48. Rxb3 Ra7 49. Rb2 Ke4 50. Rd2 Rc7+ 51. Kb4 Rb7+ 52. Kc5 Rc7+ 53. Kd6 Ra7 54. d5 Ra6+ 55. Ke7 Ra7+ 56. Ke6 Ra6+ 57. d6 h5 58. Ke7 Ke5 59. d7 Re6+ 60. Kf7 Rf6+ 61. Kg7 1-0

[Event "POL-chT4 Kujawsko-Pomorskie 1516"]
[Site "Poland"]
[Date "2015.12.13"]
[Round "4"]
[White "Wyrzykowski, Jozef"]
[Black "Milecki, Robert"]
[Result "1/2-1/2"]
[WhiteElo "1620"]
[BlackElo "1539"]
[PlyCount "60"]
[EventDate "2015.11.08"]
[EventType "team-tourn"]
[EventRounds "11"]
[EventCountry "POL"]
[SourceTitle "EXT 2019"]
[Source "ChessBase"]
[SourceDate "2018.10.10"]
[SourceVersion "1"]
[SourceVersionDate "2018.10.10"]
[SourceQuality "1"]

1. c4 Nf6 2. Nc3 e6 3. d4 b6 4. Nf3 Bb7 5. e3 d5 6. Be2 dxc4 7. Bxc4 Nbd7 8. Bd2 g6 9. 0-0 Bg7 10. Rc1 0-0 11. Bd3 c5 12. Be2 Ne4 13. Nxe4 Bxe4 14. Bc3 Bd5 15. b3 Qe7 16. dxc5 Bxc3 17. Rxc3 Nxc5 18. Qc1 Ne4 19. Rc7 Qf6 20. Qc2 Nd6 21. Rc1 Rfc8 22. Qd1 Qd8 23. Rxc8 Rxc8 24. Nd4 Rc7 25. f3 Qc8 26. Rxc7 Qxc7 27. e4 Bb7 28. Qc2 Qd7 29. Qd3 Qc7 30. Qc2 Qd7 1/2-1/2

[Event "POL-chT4 Kujawsko-Pomorskie 1516"]
[Site "Poland"]
[Date "2015.11.08"]
[Round "1"]
[White "Matczynski, Mariusz"]
[Black "Wyrzykowski, Jozef"]
[Result "0-1"]
[WhiteElo "1113"]
[BlackElo "1620"]
[PlyCount "134"]
[EventDate "2015.11.08"]
[EventType "team-tourn"]
[EventRounds "11"]
[EventCountry "POL"]
[SourceTitle "EXT 2019"]
[Source "ChessBase"]
[SourceDate "2018.10.10"]
[SourceVersion "1"]
[SourceVersionDate "2018.10.10"]
[SourceQuality "1"]

1. e4 e5 2. Nf3 Nc6 3. Bc4 Be7 4. Nc3 d6 5. h3 Nf6 6. d3 Bd7 7. Be3 Na5 8. Bb3 Nxb3 9. axb3 a6 10. 0-0 0-0 11. d4 exd4 12. Bxd4 Qc8 13. Nd5 Nxd5 14. exd5 Bf5 15. Qe1 Re8 16. Qc3 f6 17. Rfe1 Qd7 18. Qb4 b6 19. Qc4 a5 20. Re3 Kf7 21. Nh4 Bg6 22. Nxg6 hxg6 23. Rg3 Rh8 24. Qd3 g5 25. Qf3 Kg6 26. Qe4+ f5 27. Qe2 Rae8 28. Re3 Bf6 29. Bxf6 Kxf6 30. Re1 Rxe3 31. Qxe3 Rh4 32. Qc3+ Kf7 33. Qd2 Qd8 34. Qd3 g6 35. Kh2 Rh8 36. Qe3 Re8 37. Qd2 Rxe1 38. Qxe1 Qf6 39. Kg3 Qe5+ 40. Qxe5 dxe5 41. h4 Kf6 42. hxg5+ Kxg5 43. Kf3 Kf6 44. Ke3 g5 45. Kd3 Ke7 46. Kc3 b5 47. Kd3 Kd6 48. c4 Kc5 49. Kc3 e4 50. g3 f4 51. gxf4 gxf4 52. cxb5 Kxb5 53. Kd4 Kb4 54. Kxe4 Kxb3 55. Kxf4 Kxb2 56. Ke5 a4 57. f4 a3 58. f5 a2 59. f6 a1Q 60. f7 Qe1+ 61. Kf6 Qh4+ 62. Ke6 Qd8 63. Kf5 Qf8 64. Kf6 Kb3 65. Ke6 Kc4 66. Kf6 Kxd5 67. Kg6 Ke6 0-1

[Event "POL-chT blind Gp A"]
[Site "Mielno"]
[Date "2013.12.13"]
[Round "10.9"]
[White "Wyrzykowski, Jozef"]
[Black "Niecko, Stanislaw"]
[Result "1-0"]
[WhiteElo "1708"]
[BlackElo "1804"]
[PlyCount "101"]
[EventDate "2013.12.06"]
[EventType "team-tourn"]
[EventRounds "10"]
[EventCountry "POL"]
[SourceTitle "EXT 2019"]
[Source "ChessBase"]
[SourceDate "2018.10.10"]
[SourceVersion "1"]
[SourceVersionDate "2018.10.10"]
[SourceQuality "1"]

1. c4 c6 2. Nc3 d5 3. cxd5 cxd5 4. d4 Nc6 5. e3 Nf6 6. Bd3 e6 7. Nf3 Bd6 8. a3 a6 9. b4 b5 10. Bb2 0-0 11. 0-0 Bb7 12. Rc1 Rc8 13. Qe2 Qb6 14. Rc2 Rc7 15. Rfc1 Rfc8 16. Na2 Nd7 17. Ng5 Nf6 18. Rc3 h6 19. Nf3 Nd7 20. Qc2 a5 21. Qb3 axb4 22. Nxb4 Na5 23. Qd1 Nc4 24. Qb3 Ra8 25. Ra1 Ra4 26. Bc2 Rc8 27. Bb1 Rca8 28. Nc2 Qa6 29. Qa2 b4 30. Rb3 bxa3 31. Bc3 Qc6 32. g3 f6 33. Nb4 Qc7 34. Qc2 Ndb6 35. Qh7+ Kf8 36. Bg6 Nd7 37. Qh8+ Ke7 38. Qxg7+ Kd8 39. Qg8+ Nf8 40. Qh8 Qe7 41. Nd3 Kc7 42. Qxh6 Nxg6 43. Qxg6 a2 44. Nb2 R4a7 45. Qc2 Qg7 46. Nd2 Nxe3 47. Ba5+ Kd7 48. Rxe3 Rxa5 49. Nb3 Rc8 50. Rc3 Rxc3 51. Qxc3 1-0

[Event "POL-chT blind Gp A"]
[Site "Mielno"]
[Date "2013.12.10"]
[Round "5.9"]
[White "Niecko, Stanislaw"]
[Black "Wyrzykowski, Jozef"]
[Result "1-0"]
[WhiteElo "1804"]
[BlackElo "1708"]
[PlyCount "104"]
[EventDate "2013.12.06"]
[EventType "team-tourn"]
[EventRounds "10"]
[EventCountry "POL"]
[SourceTitle "EXT 2019"]
[Source "ChessBase"]
[SourceDate "2018.10.10"]
[SourceVersion "1"]
[SourceVersionDate "2018.10.10"]
[SourceQuality "1"]

1. e4 e5 2. Nf3 d6 3. d4 exd4 4. Nxd4 Be7 5. Nc3 Nf6 6. Bc4 Bd7 7. 0-0 Nc6 8. f4 Na5 9. Be2 h6 10. e5 Nh7 11. e6 Bxe6 12. Nxe6 fxe6 13. Bh5+ Kd7 14. f5 e5 15. Qd5 c6 16. Qe6+ Kc7 17. b4 Nf6 18. Bf3 d5 19. bxa5 Bc5+ 20. Kh1 Re8 21. Qf7+ Re7 22. Qg6 Bd4 23. Bb2 Kd7 24. Na4 Bxb2 25. Nxb2 Qxa5 26. Rab1 Qa3 27. Nc4 dxc4 28. Rxb7+ Kc8 29. Rxe7 Qxe7 30. Be2 c3 31. Bc4 Kc7 32. Be6 Rd8 33. Qg3 Nd7 34. Qxc3 Qc5 35. Qg3 Qe7 36. Rd1 Qf6 37. Qa3 Nc5 38. Qxa7+ Nb7 39. Rb1 Rb8 40. Qb6+ Kd6 41. Rd1+ Ke7 42. Qc7+ Ke8 43. Qxb8+ Nd8 44. Rxd8+ Qxd8 45. Qxd8+ Kxd8 46. Kg1 Ke7 47. g4 h5 48. h3 h4 49. a4 Kd6 50. a5 e4 51. a6 Ke5 52. Kf2 Kd6 1-0

[Event "Grunwald Cup 37 blind"]
[Site "Dadaj"]
[Date "2012.09.21"]
[Round "7"]
[White "Wyrzykowski, Jozef"]
[Black "Bzowski, Grzegorz"]
[Result "0-1"]
[WhiteElo "1725"]
[BlackElo "1685"]
[PlyCount "124"]
[EventDate "2012.09.16"]
[EventType "swiss"]
[EventRounds "9"]
[EventCountry "POL"]
[SourceTitle "CBM 150 Extra"]
[Source "ChessBase"]
[SourceDate "2012.10.19"]
[SourceVersion "1"]
[SourceVersionDate "2012.10.19"]
[SourceQuality "1"]

1. c4 e6 2. Nc3 d5 3. cxd5 exd5 4. d4 c6 5. Nf3 Nd7 6. Bf4 Ngf6 7. h3 Be7 8. e3 0-0 9. Bd3 Re8 10. 0-0 Nf8 11. Qc2 Ng6 12. Bh2 Bd6 13. a3 Bxh2+ 14. Nxh2 a5 15. b4 axb4 16. axb4 Bd7 17. b5 Qc8 18. Rxa8 Qxa8 19. bxc6 bxc6 20. Na4 Rb8 21. Nc5 Nf8 22. Na6 Rb6 23. Ra1 Bc8 24. Qe2 Ne4 25. Nf3 Nd7 26. Qf1 Qb7 27. Ne5 Nxe5 28. dxe5 Qe7 29. f4 f6 30. exf6 Nxf6 31. Qe2 c5 32. Rb1 Rxb1+ 33. Bxb1 Bxa6 34. Qxa6 Qxe3+ 35. Kh2 Qxf4+ 36. Kg1 Qd4+ 37. Kh2 Qe5+ 38. Kg1 Qe1+ 39. Qf1 Qxf1+ 40. Kxf1 Kf7 41. Ke2 Ke6 42. Ke3 Ke5 43. Bc2 h6 44. Bb1 g5 45. Bc2 c4 46. Bb1 d4+ 47. Ke2 Ne4 48. Bc2 d3+ 49. Bxd3 cxd3+ 50. Kxd3 Kf4 51. Ke2 Kg3 52. Kf1 Kh2 53. g4 Kxh3 54. Kg1 Kxg4 55. Kg2 h5 56. Kh2 h4 57. Kg2 Kf4 58. Kh3 g4+ 59. Kg2 g3 60. Kg1 h3 61. Kh1 Kf3 62. Kg1 h2+ 0-1

[Event "Grunwald Cup 37 blind"]
[Site "Dadaj"]
[Date "2012.09.17"]
[Round "2"]
[White "Wyrzykowski, Jozef"]
[Black "Dziobek, Jerzy"]
[Result "0-1"]
[WhiteElo "1725"]
[BlackElo "1752"]
[PlyCount "86"]
[EventDate "2012.09.16"]
[EventType "swiss"]
[EventRounds "9"]
[EventCountry "POL"]
[SourceTitle "CBM 150 Extra"]
[Source "ChessBase"]
[SourceDate "2012.10.19"]
[SourceVersion "1"]
[SourceVersionDate "2012.10.19"]
[SourceQuality "1"]

1. c4 c6 2. Nc3 d5 3. cxd5 cxd5 4. d4 e6 5. e3 Nf6 6. a3 a6 7. Nf3 Nbd7 8. Bd3 Bd6 9. Bd2 b5 10. 0-0 Bb7 11. b4 0-0 12. Rc1 Rc8 13. Qb3 Qe7 14. Rc2 Nb6 15. Rfc1 Nc4 16. Be1 e5 17. dxe5 Bxe5 18. Nxe5 Qxe5 19. h3 Nxe3 20. Bxh7+ Nxh7 21. fxe3 Qxe3+ 22. Bf2 Qg5 23. Bc5 Rfe8 24. Rd1 Nf6 25. Rf2 Re6 26. Rdf1 Rce8 27. Bd4 Re1 28. Bxf6 Rxf1+ 29. Rxf1 gxf6 30. Nd1 d4 31. g4 Qd2 32. Qg3 Qe2 33. Nf2 Qe3 34. Qd6 Qf3 35. Qh2 d3 36. Nd1 Qe2 37. Rxf6 Qxd1+ 38. Rf1 Qe2 39. Rf2 Qe1+ 40. Rf1 d2 41. Qf4 Qe3+ 42. Qxe3 Rxe3 43. Kf2 Rf3+ 0-1

[Event "POL-chT blind Gp-B"]
[Site "Mielno"]
[Date "2011.03.30"]
[Round "5.4"]
[White "Kardasz, Wladyslaw"]
[Black "Wyrzykowski, Jozef"]
[Result "1-0"]
[WhiteElo "1846"]
[BlackElo "1792"]
[PlyCount "112"]
[EventDate "2011.03.27"]
[EventType "team-tourn"]
[EventRounds "10"]
[EventCountry "POL"]
[SourceTitle "EXT 2019"]
[Source "ChessBase"]
[SourceDate "2018.10.10"]
[SourceVersion "1"]
[SourceVersionDate "2018.10.10"]
[SourceQuality "1"]

1. e4 e5 2. Nf3 Nc6 3. Bb5 d6 4. d4 Bd7 5. d5 Nce7 6. Bxd7+ Qxd7 7. 0-0 h6 8. c4 b6 9. Nc3 g5 10. a4 a5 11. Be3 f5 12. exf5 Nxf5 13. Ne4 Be7 14. Nfd2 Nf6 15. Nxf6+ Bxf6 16. Ne4 Qf7 17. Qf3 Qg6 18. Nxf6+ Qxf6 19. g4 Rf8 20. Qxf5 Qxf5 21. gxf5 Rxf5 22. Rfb1 Kd7 23. b4 axb4 24. Rxb4 Rff8 25. Rb5 Ra6 26. Kg2 Rfa8 27. Rb4 Ke7 28. Kg3 Kf6 29. h4 Kf5 30. hxg5 hxg5 31. Kf3 Ra5 32. Ke2 Rh8 33. Kd3 e4+ 34. Kd4 Rh3 35. Rb5 Ra8 36. a5 Ra7 37. Kc3 g4 38. Kb4 Rxe3 39. fxe3 g3 40. Rf1+ Kg4 41. axb6 cxb6 42. Rxb6 g2 43. Rg1 Kf3 44. Rxd6 Kf2 45. Rxg2+ Kxg2 46. Rf6 Rb7+ 47. Kc3 Rh7 48. Kd4 Kg3 49. Rf4 Rh1 50. Kxe4 Rc1 51. Ke5 Rc3 52. Kd4 Rc1 53. d6 Rd1+ 54. Ke5 Rd3 55. Re4 Kf3 56. c5 Rc3 1-0

[Event "POL-chT blind"]
[Site "Mielno"]
[Date "2010.03.21"]
[Round "1.7"]
[White "Zoltek, Tadeusz"]
[Black "Wyrzykowski, Jozef"]
[Result "1-0"]
[WhiteElo "2182"]
[BlackElo "1780"]
[PlyCount "109"]
[EventDate "2010.03.21"]
[EventType "team-tourn"]
[EventRounds "10"]
[EventCountry "POL"]
[SourceTitle "EXT 2011"]
[Source "ChessBase"]
[SourceDate "2010.11.26"]
[SourceVersion "1"]
[SourceVersionDate "2010.11.26"]
[SourceQuality "1"]

1. Nf3 g6 2. c4 Bg7 3. g3 c5 4. Bg2 Nf6 5. 0-0 0-0 6. Nc3 Nc6 7. d4 cxd4 8. Nxd4 a6 9. Nc2 Qc7 10. Bg5 d6 11. Bxf6 exf6 12. Nd5 Qd8 13. Qd2 Ne7 14. Nce3 f5 15. a4 Re8 16. Nxe7+ Qxe7 17. Rfd1 Be6 18. Qxd6 Qxd6 19. Rxd6 Bxb2 20. Rb1 Ba3 21. Rd3 Bc5 22. Rxb7 Rab8 23. Rc3 a5 24. Rb5 Bb4 25. Rd3 Rbc8 26. Bd5 Red8 27. Bxe6 fxe6 28. Nc2 Bd2 29. Rxd8+ Rxd8 30. c5 Rc8 31. Nd4 e5 32. Nb3 Bb4 33. e3 Rc6 34. Nxa5 Rxc5 35. Rxc5 Bxc5 36. Nc6 Kf8 37. a5 Ke8 38. a6 Kd7 39. a7 Bxa7 40. Nxa7 e4 41. Nb5 Kc6 42. Nd4+ Kd5 43. Kf1 h5 44. h4 Kd6 45. Ke2 Ke5 46. f4+ Kd5 47. Kd2 Kd6 48. Kc3 Kd5 49. Kb4 Kd6 50. Kc4 Ke7 51. Kd5 Kf6 52. Kd6 Kf7 53. Ke5 Ke7 54. Nxf5+ gxf5 55. Kxf5 1-0

[Event "POL-chT4 Kujawsko Pomorskie 0910"]
[Site "Poland"]
[Date "2010.01.31"]
[Round "6.12"]
[White "Studzinski, Tadeusz"]
[Black "Wyrzykowski, Jozef"]
[Result "1-0"]
[WhiteElo "1945"]
[BlackElo "1780"]
[PlyCount "47"]
[EventDate "2009.11.08"]
[EventType "team-swiss"]
[EventRounds "11"]
[EventCountry "POL"]
[SourceTitle "EXT 2020"]
[Source "ChessBase"]
[SourceDate "2019.10.17"]
[SourceVersion "1"]
[SourceVersionDate "2019.10.17"]
[SourceQuality "1"]

1. e4 e5 2. Nf3 d6 3. d4 exd4 4. Nxd4 Be7 5. Nc3 Nf6 6. Bc4 Bd7 7. a4 Nc6 8. 0-0 a5 9. Ndb5 Ne5 10. Be2 c6 11. Nxd6+ Bxd6 12. Qxd6 Be6 13. Qxe5 h6 14. Be3 0-0 15. Rad1 Nd7 16. Qg3 Kh7 17. Bg4 f5 18. exf5 Bxf5 19. Bxf5+ Rxf5 20. Rd6 Qe7 21. Qg6+ Kh8 22. Qxf5 Qxd6 23. Rd1 Qf6 24. Qxd7 1-0

[Event "POL-chT4 Kujawsko Pomorskie 0910"]
[Site "Poland"]
[Date "2010.01.10"]
[Round "5.13"]
[White "Wyrzykowski, Jozef"]
[Black "Bednarkiewicz, Jakub"]
[Result "1/2-1/2"]
[WhiteElo "1780"]
[BlackElo "1548"]
[PlyCount "98"]
[EventDate "2009.11.08"]
[EventType "team-swiss"]
[EventRounds "11"]
[EventCountry "POL"]
[SourceTitle "EXT 2020"]
[Source "ChessBase"]
[SourceDate "2019.10.17"]
[SourceVersion "1"]
[SourceVersionDate "2019.10.17"]
[SourceQuality "1"]

1. g3 d5 2. d4 Nf6 3. Nc3 e6 4. Bg2 c5 5. Nf3 Nbd7 6. Bf4 Be7 7. Nb5 Qa5+ 8. Nc3 Ne4 9. Bd2 Nxd2 10. Qxd2 c4 11. 0-0 0-0 12. a3 b5 13. e4 dxe4 14. Nxe4 Qxd2 15. Nfxd2 Bb7 16. c3 Rab8 17. f4 Nf6 18. Nxf6+ Bxf6 19. Ne4 Be7 20. Rae1 a5 21. Nd2 g6 22. Re5 Bxg2 23. Kxg2 Bd6 24. Re2 Rfc8 25. Nf3 b4 26. axb4 axb4 27. Rc1 bxc3 28. Rxc3 Bb4 29. Rcc2 c3 30. bxc3 Rxc3 31. Rxc3 Bxc3 32. Ra2 Rb2+ 33. Rxb2 Bxb2 34. Kf2 Kg7 35. Ke3 Kf6 36. Ke4 h6 37. h3 g5 38. fxg5+ hxg5 39. g4 Bc1 40. Ne5 Ba3 41. Nd7+ Ke7 42. Nc5 f6 43. Nd3 Kd6 44. Nf2 Bb4 45. Nd1 Ba5 46. Nb2 Bb4 47. Nd3 Ba3 48. Nf2 Bb4 49. Nd3 Ba3 1/2-1/2

[Event "POL-chT4 Kujawsko Pomorskie 0910"]
[Site "Poland"]
[Date "2009.11.08"]
[Round "1.23"]
[White "Wyrzykowski, Jozef"]
[Black "Kaczmarczyk, Pawel"]
[Result "1-0"]
[WhiteElo "1780"]
[BlackElo "1602"]
[PlyCount "89"]
[EventDate "2009.11.08"]
[EventType "team-swiss"]
[EventRounds "11"]
[EventCountry "POL"]
[SourceTitle "EXT 2020"]
[Source "ChessBase"]
[SourceDate "2019.10.17"]
[SourceVersion "1"]
[SourceVersionDate "2019.10.17"]
[SourceQuality "1"]

1. g3 d5 2. d4 Nf6 3. Bg2 e6 4. Nc3 b6 5. Nf3 Bb7 6. a3 c5 7. dxc5 Bxc5 8. e3 0-0 9. 0-0 Nbd7 10. b4 Be7 11. Bb2 e5 12. Nd2 Rc8 13. Rc1 a6 14. Ne2 b5 15. Nb3 Re8 16. Nc3 Nb6 17. Nd2 Bd6 18. Qe2 Bb8 19. Rfd1 Qc7 20. Ncb1 Nc4 21. Nxc4 dxc4 22. Nc3 Bxg2 23. Kxg2 Qb7+ 24. Kg1 Rcd8 25. Rxd8 Rxd8 26. Rd1 Bc7 27. f3 h6 28. Kf2 Rxd1 29. Qxd1 Qc8 30. Kg2 Qb7 31. e4 g5 32. Qa1 g4 33. Qc1 gxf3+ 34. Kxf3 Nxe4 35. Nxe4 f5 36. Qe3 Kf7 37. g4 fxe4+ 38. Qxe4 Qxe4+ 39. Kxe4 Ke6 40. Bc1 h5 41. gxh5 Bd8 42. h6 Bf6 43. Be3 Bh8 44. Bc5 Kf7 45. Bd6 1-0

[Event "Ramsowo Grunwald Cup 24th"]
[Site "Ramsowo"]
[Date "2009.09.25"]
[Round "8.15"]
[White "Kulik, Roman"]
[Black "Wyrzykowski, Jozef"]
[Result "1/2-1/2"]
[WhiteElo "1879"]
[BlackElo "1786"]
[PlyCount "66"]
[EventDate "2009.09.19"]
[EventType "swiss"]
[EventRounds "9"]
[EventCountry "POL"]
[SourceTitle "EXT 2023"]
[Source "ChessBase"]
[SourceDate "2022.10.05"]
[SourceVersion "1"]
[SourceVersionDate "2022.10.05"]
[SourceQuality "1"]

1. e4 e5 2. Nf3 Nc6 3. Bb5 d6 4. h3 Bd7 5. d3 a6 6. Ba4 b5 7. Bb3 Na5 8. Bd2 Nxb3 9. axb3 c5 10. c3 Be7 11. 0-0 Nf6 12. Nh2 0-0 13. f4 exf4 14. Bxf4 Bc6 15. Nd2 Qc7 16. Qe2 Bb7 17. Rae1 Rae8 18. Qd1 h6 19. Ng4 Nxg4 20. Qxg4 Kh7 21. Qg3 Qd7 22. Nf3 f6 23. Nh4 g5 24. Nf5 Rg8 25. Bxd6 Bxd6 26. Qxd6 Qc6 27. Qxc6 Bxc6 28. Ra1 Re6 29. Rxa6 Rd8 30. Ra7+ Bd7 31. Ne3 Kg6 32. Nd5 h5 33. c4 h4 1/2-1/2